| 000 | 00701nam0a22002291 4500 | ||
|---|---|---|---|
| 001 | v19\rc\2060633 | ||
| 005 | 20250620024503.0 | ||
| 035 | _a(NLR Aleph) 005137500 | ||
| 090 |
_a4769707 _c4769707 |
||
| 100 | _a20081111d1909 |||y0rusy50 ca | ||
| 101 | 1 |
_arus _ceng |
|
| 102 | _aRU | ||
| 105 | _ay z ||||| | ||
| 200 | 1 |
_aРоковое желание _fПер. с англ. Б. Пегелау и др. рассказы |
|
| 210 |
_aМосква _d1909 |
||
| 225 | 1 | _aДрамы жизни | |
| 316 |
_aЭкземпляр РНБ (34.50.8.155): утрачен _5NLR: 34.50.8.155 |
||
| 801 | 0 |
_aRU _bNLR _gpsbo |
|
| 801 | 1 |
_aRU _bProSoft-M _2rusmarc |
|
| 852 |
_aNLR _j34.50.8.155 |
||
| 942 | _cBOOK | ||
| 980 | _aNB | ||